Un alegato izquierdista contra el eurocentrismo /

Збережено в:
Бібліографічні деталі
Автор: Zizek, Slavoj
Формат: Текст
Теги: Додати тег
Немає тегів, Будьте першим, хто поставить тег для цього запису!

MARC

LEADER 00000 a a2200000 04500
001 45035
003
040
100 |a Zizek, Slavoj  
245 |a Un alegato izquierdista contra el eurocentrismo /  |c Slavoj Zizek  
773 |g páginas 173-200  
999 |c 26361  |d 26361